Spotrebiteľské práva v koncepte ochrany spotrebiteľa

Podstata ochrany spotrebiteľov. Rešpektovanie spotrebiteľských práv. Slovenský spotrebiteľ v súčasných zložitých trhových podmienkach.

Salvato in:
Dettagli Bibliografici
Autore principale: Mráziková, Martina
Natura: Capitolo di libro
Lingua:slovacco
Soggetti:
Tags: Aggiungi Tag
Nessun Tag, puoi essere il primo ad aggiungerne!!

MARC

LEADER 00000naa$a2200000$$$4500
001 0099353
005 20221128083534.6
041 0 |a slo 
044 |a SK 
245 1 0 |a Spotrebiteľské práva v koncepte ochrany spotrebiteľa  |c Martina Mráziková 
520 |a Podstata ochrany spotrebiteľov. Rešpektovanie spotrebiteľských práv. Slovenský spotrebiteľ v súčasných zložitých trhových podmienkach. 
610 2 0 |a spotrebitelia 
610 2 0 |a ochrana spotrebiteľa 
610 2 0 |a práva spotrebiteľské 
610 2 0 |a hospodárstvo trhové 
100 1 |a Mráziková, Martina